[Event "Junior Online 4NCL Division 5"]
[Site "online"]
[Date "2021.04.15"]
[EventDate "2021.04.15"]
[Round "7.36"]
[White "Bazan, Mateusz"]
[WhiteElo "1457"]
[WhiteTeam "Charlton Juniors"]
[Black "Dane, Antony"]
[BlackElo "1382"]
[BlackTeam "Desert Penguins Saturn"]
[Result "1/2-1/2"]
[PlyCount "103"]

1. d4 d5 2. c4 e6 3. Nc3 Nf6 4. Bg5 Be7 5. cxd5 exd5 6. g3 c6 7. Bg2 O-O 8. Nf3 Nbd7 9. O-O Re8 10. Re1 Nf8 11. Bxf6 Bxf6 12. e4 dxe4 13. Nxe4 Ng6 14. Nxf6+ gxf6 15. Rxe8+ Qxe8 16. d5 cxd5 17. Qxd5 Qe6 18. Qxe6 fxe6 19. Rd1 Kf7 20. Nd4 Rb8 21. Nb5 a6 22. Nd6+ Ke7 23. Nxc8+ Rxc8 24. Bxb7 Rb8 25. Bxa6 Rxb2 26. Ra1 Ne5 27. Kg2 Ng4 28. Kf3 Nxf2 29. Bf1 Kd6 30. a4 Kc6 31. a5 Kb7 32. a6+ Ka7 33. Rc1 Kb6 34. h4 h5 35. Be2 Nh3 36. Rh1 Rb3+ 37. Kg2 Rb2 38. Re1 Ng5 39. hxg5 fxg5 40. Kf3 g4+ 41. Kf4 Rb3 42. Ra1 Ka7 43. Kg5 Re3 44. Bd1 Rxg3 45. Kxh5 Rg1 46. Kh4 g3 47. Kh3 e5 48. Rb1 e4 49. Bc2 Rxb1 50. Bxb1 Kxa6 51. Bxe4 g2 52. Kxg2 1/2-1/2

[Event "Junior Online 4NCL Division 5"]
[Site "online"]
[Date "2021.04.15"]
[EventDate "2021.04.15"]
[Round "7.37"]
[White "Bharat Kumar, Balahari"]
[WhiteElo "1217"]
[WhiteTeam "Desert Penguins Saturn"]
[Black "Verbytski, Oleg"]
[BlackElo "1336"]
[BlackTeam "Charlton Juniors"]
[Result "0-1"]
[PlyCount "80"]

1. d4 Nf6 2. c4 g6 3. g3 Bg7 4. Bg2 O-O 5. Nc3 d6 6. Nf3 c5 7. O-O Qc7 8. b3 cxd4 9. Nxd4 Bd7 10. Bb2 a6 11. Qc2 Nc6 12. Nxc6 Bxc6 13. Nd5 Bxd5 14. Bxf6 Bxf6 15. Bxd5 Bxa1 16. Rxa1 Rac8 17. h4 e6 18. Bf3 b5 19. Rc1 bxc4 20. bxc4 Qc5 21. Bb7 Rc7 22. Bxa6 Ra7 23. Bb5 Qa3 24. Ra1 Rc8 25. Qd2 Ra5 26. e4 Raa8 27. Kg2 Qc5 28. Qd3 Qe5 29. Rd1 Rxa2 30. Qxd6 Qxe4+ 31. Kg1 Qf3 32. Rf1 Qf6 33. Qd7 Rd8 34. Qc6 Rdd2 35. Qg2 Qe5 36. Bc6 Qc5 37. Bb5 e5 38. g4 e4 39. h5 e3 40. Kh1 Rxf2 0-1

[Event "Junior Online 4NCL Division 5"]
[Site "online"]
[Date "2021.04.15"]
[EventDate "2021.04.15"]
[Round "7.38"]
[White "Gao, Alex"]
[WhiteElo "901"]
[WhiteTeam "Charlton Juniors"]
[Black "Mo, Alex"]
[BlackElo "1285"]
[BlackTeam "Desert Penguins Saturn"]
[Result "1-0"]
[PlyCount "135"]

1. e4 c5 2. a3 d6 3. c3 Nf6 4. d3 e6 5. g3 Be7 6. Bg2 Nbd7 7. f4 O-O 8. Nf3 Qc7 9. h3 b5 10. O-O Bb7 11. Be3 Rfc8 12. g4 h6 13. Ne1 c4 14. g5 hxg5 15. fxg5 Nh7 16. Qg4 g6 17. h4 Ne5 18. Qf4 cxd3 19. Bd4 Rf8 20. Nf3 Nxf3+ 21. Rxf3 e5 22. Bxe5 dxe5 23. Qg4 Bc8 24. Qg3 Qd6 25. Rxd3 Qc7 26. Rd5 Be6 27. Rxb5 Bd6 28. b4 Rab8 29. Rxb8 Qxb8 30. Nd2 a6 31. Rd1 Rd8 32. Nf3 Bc7 33. Rxd8+ Qxd8 34. Kh2 Qd6 35. Bh3 Bxh3 36. Qxh3 Kg7 37. h5 Qe6 38. h6+ Kg8 39. Qh4 Bd8 40. Kg3 Qe7 41. Kg4 f6 42. gxf6 Qxf6 43. Qxf6 Bxf6 44. c4 Kf7 45. b5 axb5 46. cxb5 Bd8 47. a4 Ke6 48. Kg3 Nf6 49. Ng5+ Ke7 50. h7 Nxh7 51. Nxh7 Kd6 52. Nf8 g5 53. Kg4 Ke7 54. Ng6+ Kf6 55. Nf8 Kf7 56. Nh7 Kg6 57. Nf8+ Kf7 58. Nd7 Ke6 59. Nc5+ Kd6 60. Nb7+ Kc7 61. Nxd8 Kxd8 62. a5 Kc7 63. Kxg5 Kd6 64. Kf6 Kc5 65. b6 Kc6 66. Kxe5 Kb7 67. Kd6 Ka6 68. e5 1-0

[Event "Junior Online 4NCL Division 5"]
[Site "online"]
[Date "2021.04.15"]
[EventDate "2021.04.15"]
[Round "7.41"]
[White "Shi, Shaoquan"]
[WhiteElo "1513"]
[WhiteTeam "London Dragons Kings"]
[Black "Gan, Mark"]
[BlackElo "820"]
[BlackTeam "London Dragons Queens"]
[Result "0-1"]
[PlyCount "58"]

1. d4 Nf6 2. c4 g6 3. Nc3 d5 4. cxd5 Nxd5 5. e4 Nxc3 6. bxc3 Bg7 7. Bf4 c5 8. Nf3 Nc6 9. Be3 Bg4 10. Qa4 Bxf3 11. gxf3 a6 12. e5 b5 13. Qd1 e6 14. a4 Qa5 15. Qc2 cxd4 16. Bd2 dxc3 17. Bxc3 Qd8 18. axb5 axb5 19. Rxa8 Qxa8 20. Bxb5 O-O 21. Qe4 Nxe5 22. Qxa8 Rxa8 23. Ke2 Rc8 24. Bd4 Rc2+ 25. Ke3 Nc4+ 26. Kd3 Rd2+ 27. Kxc4 Rxd4+ 28. Kc5 Rd2 29. Ra1 Bxa1 0-1

[Event "Junior Online 4NCL Division 5"]
[Site "online"]
[Date "2021.04.15"]
[EventDate "2021.04.15"]
[Round "7.42"]
[White "Pan, Ailun"]
[WhiteElo "750"]
[WhiteTeam "London Dragons Queens"]
[Black "Xu, Jiarui"]
[BlackElo "1452"]
[BlackTeam "London Dragons Kings"]
[Result "0-1"]
[PlyCount "84"]

1. e4 e5 2. Nf3 Nc6 3. Bc4 Bc5 4. O-O Nf6 5. Nc3 d6 6. h3 O-O 7. d3 h6 8. Be3 Nd4 9. Nb5 Nxf3+ 10. Qxf3 Bb6 11. d4 a6 12. dxe5 dxe5 13. Nc3 Qe7 14. Nd5 Nxd5 15. Bxd5 Bxe3 16. fxe3 c6 17. Bb3 Be6 18. c4 Rad8 19. Rad1 Rd7 20. Qg3 f6 21. Rxd7 Qxd7 22. Rd1 Qf7 23. Rd6 Bxc4 24. Bxc4 Qxc4 25. Rd7 Rf7 26. b3 Qc1+ 27. Kh2 Rxd7 28. Qg4 Rd8 29. Qe6+ Kh8 30. Qe7 Qd2 31. Qxb7 Qxa2 32. Qxc6 Qxb3 33. Qxa6 Qxe3 34. Qa5 Rd4 35. Qa8+ Kh7 36. Qa7 Qxe4 37. Qxd4 exd4 38. g4 d3 39. h4 d2 40. g5 d1=Q 41. gxh6 Qdh1+ 42. Kg3 Qef3# 0-1

[Event "Junior Online 4NCL Division 5"]
[Site "online"]
[Date "2021.04.15"]
[EventDate "2021.04.15"]
[Round "7.43"]
[White "Fang, Moyao"]
[WhiteElo "1367"]
[WhiteTeam "London Dragons Kings"]
[Black "Song, Ruien"]
[BlackElo "827"]
[BlackTeam "London Dragons Queens"]
[Result "0-1"]
[PlyCount "106"]

1. e4 c5 2. Nf3 e6 3. d4 d5 4. exd5 exd5 5. dxc5 Bxc5 6. c3 Nf6 7. Bg5 O-O 8. Bxf6 Re8+ 9. Be5 f6 10. Bb5 Nc6 11. Bxc6 bxc6 12. c4 fxe5 13. cxd5 cxd5 14. O-O e4 15. Re1 Bb7 16. Nd4 Qf6 17. Nb3 Bxf2+ 18. Kh1 Bxe1 19. Qxe1 e3 20. Nc3 d4 21. Nxd4 Qxd4 22. Rd1 Qg4 23. Qe2 Qg6 24. Nb5 Ba6 25. Rd6 Qg5 26. Rxa6 Re4 27. Nc3 Re7 28. Rd6 Re5 29. Qf3 h6 30. Qxa8+ Kh7 31. Qxa7 e2 32. Nxe2 Rxe2 33. Qg1 Qe5 34. Qb1+ Kg8 35. Rd8+ Kf7 36. Qf1+ Kg6 37. Rd6+ Kg5 38. Rd5 Qxd5 39. Qxe2 Qxa2 40. Qe3+ Kg6 41. Qe4+ Kf7 42. Qb7+ Kg8 43. h4 Qb1+ 44. Kh2 Qf5 45. Qb3+ Kh7 46. Qb4 Qe5+ 47. Kh3 Qf5+ 48. Kh2 Kg6 49. Qc3 Kh7 50. b3 Kg6 51. g3 Qf2+ 52. Kh3 Qf1+ 53. Kg4 Qf5# 0-1

[Event "Junior Online 4NCL Division 5"]
[Site "online"]
[Date "2021.04.15"]
[EventDate "2021.04.15"]
[Round "7.45"]
[White "Gan, Mark"]
[WhiteElo "820"]
[WhiteTeam "London Dragons Queens"]
[Black "Shi, Shaoquan"]
[BlackElo "1513"]
[BlackTeam "London Dragons Kings"]
[Result "1-0"]
[PlyCount "99"]

1. e4 c5 2. Nc3 d6 3. f4 Nf6 4. Bc4 e6 5. d3 a6 6. a3 b5 7. Ba2 Bb7 8. Nf3 g6 9. O-O Bg7 10. Be3 d5 11. exd5 exd5 12. Bxc5 Nbd7 13. Qe2+ Ne4 14. Bd4 Bxd4+ 15. Nxd4 Qb6 16. Qe3 O-O 17. dxe4 dxe4 18. Nce2 Nf6 19. h3 a5 20. Qd2 Rad8 21. Kh1 Rfe8 22. c3 e3 23. Qe1 Be4 24. Rd1 Qb7 25. Rg1 Nh5 26. Qh4 h6 27. Kh2 Kg7 28. f5 Qb8+ 29. Kh1 Qe5 30. fxg6 fxg6 31. Rdf1 Re7 32. Bb1 Bxb1 33. Rxb1 Red7 34. Nc6 Qc7 35. Nxd8 Rxd8 36. Rbd1 Rd2 37. Rxd2 exd2 38. Qd4+ Kh7 39. Qxd2 Qe5 40. Rf1 Qe6 41. Qd3 b4 42. cxb4 axb4 43. axb4 Kg7 44. Nf4 Nxf4 45. Rxf4 Qe1+ 46. Kh2 Qe5 47. Qd4 Qxd4 48. Rxd4 Kf7 49. b5 Ke7 50. b6 1-0

[Event "Junior Online 4NCL Division 5"]
[Site "online"]
[Date "2021.04.15"]
[EventDate "2021.04.15"]
[Round "7.46"]
[White "Xu, Jiarui"]
[WhiteElo "1452"]
[WhiteTeam "London Dragons Kings"]
[Black "Pan, Ailun"]
[BlackElo "750"]
[BlackTeam "London Dragons Queens"]
[Result "1-0"]
[PlyCount "67"]

1. e4 e5 2. Nf3 Nc6 3. Bc4 Nf6 4. d3 d5 5. exd5 Nxd5 6. O-O Bc5 7. Bb5 Bd7 8. Bxc6 Bxc6 9. Nxe5 O-O 10. Nxc6 bxc6 11. c4 Nb6 12. Be3 Bd6 13. c5 Bxc5 14. Bxc5 Nd5 15. Bxf8 Kxf8 16. Nc3 Nf4 17. Qf3 Qg5 18. Ne4 Qe5 19. d4 Qf5 20. g4 Nh3+ 21. Qxh3 Qxe4 22. Rad1 Qc2 23. Qa3+ Kg8 24. Qb3 Qg6 25. f3 h5 26. h3 hxg4 27. fxg4 Qd6 28. Qxf7+ Kh7 29. Qf4 Qe7 30. Rde1 Qh4 31. Kg2 Rb8 32. Re2 Rb4 33. Qf5+ Kh8 34. Re8# 1-0

[Event "Junior Online 4NCL Division 5"]
[Site "online"]
[Date "2021.04.15"]
[EventDate "2021.04.15"]
[Round "7.47"]
[White "Song, Ruien"]
[WhiteElo "827"]
[WhiteTeam "London Dragons Queens"]
[Black "Fang, Moyao"]
[BlackElo "1367"]
[BlackTeam "London Dragons Kings"]
[Result "0-1"]
[PlyCount "60"]

1. e4 c5 2. Nf3 d6 3. d4 cxd4 4. Nxd4 Nf6 5. Nc3 g6 6. Bc4 Bg7 7. O-O O-O 8. Be3 Ng4 9. Qc1 Nxe3 10. Qxe3 a6 11. Bb3 b5 12. a3 Qb6 13. Rad1 Bb7 14. Rd2 Nd7 15. f4 e5 16. Kh1 exd4 17. Qg3 dxc3 18. Rdd1 cxb2 19. Rb1 Bxe4 20. c4 bxc4 21. Bxc4 Bxb1 22. Rxb1 Rfc8 23. Ba2 Rc1+ 24. Qe1 Rxe1+ 25. Rxe1 Rc8 26. h3 Rc1 27. Rxc1 bxc1=Q+ 28. Kh2 Qbg1+ 29. Kg3 Qce1+ 30. Kg4 Qxg2# 0-1

[Event "Junior Online 4NCL Division 5"]
[Site "online"]
[Date "2021.04.15"]
[EventDate "2021.04.15"]
[Round "7.48"]
[White "Zhu, Pengxiao"]
[WhiteElo "1411"]
[WhiteTeam "London Dragons Kings"]
[Black "Liu, Zhengzheng"]
[BlackElo "780"]
[BlackTeam "London Dragons Queens"]
[Result "1-0"]
[PlyCount "61"]

1. d4 g6 2. c4 Bg7 3. Nf3 Nf6 4. Nc3 O-O 5. e4 d6 6. Be2 Re8 7. Bf4 Bg4 8. h3 Bxf3 9. Bxf3 e6 10. O-O Nbd7 11. Re1 Nh5 12. Bxh5 gxh5 13. Qxh5 Bxd4 14. Qg4+ Kh8 15. Rad1 Bg7 16. Bg5 f6 17. Bh4 Rg8 18. Qxe6 Nc5 19. Qd5 Re8 20. e5 b6 21. exf6 Rxe1+ 22. Rxe1 Bh6 23. f7 Qd7 24. Qxa8+ Kg7 25. f8=Q+ Kg6 26. Qf6+ Kh5 27. g4+ Qxg4+ 28. hxg4+ Kxg4 29. Qg8+ Kh3 30. Qf3+ Kxh4 31. Qfg4# 1-0

[Event "Junior Online 4NCL Division 5"]
[Site "online"]
[Date "2021.04.15"]
[EventDate "2021.04.15"]
[Round "7.51"]
[White "Hany Kamal, Mohamed"]
[WhiteElo "1540"]
[WhiteTeam "Golden Falcons 1"]
[Black "Chung, Daniel"]
[BlackElo "1482"]
[BlackTeam "Young Dragons B"]
[Result "1-0"]
[PlyCount "61"]

1. d4 Nf6 2. c4 g6 3. Nc3 d6 4. e4 Bg7 5. Nf3 Nbd7 6. Be2 c5 7. O-O cxd4 8. Nxd4 O-O 9. Be3 b6 10. Qd2 Bb7 11. f3 e6 12. Ndb5 d5 13. cxd5 exd5 14. Nd6 d4 15. Bxd4 Qc7 16. Nxb7 Qxb7 17. Rac1 Rfd8 18. Be3 Nc5 19. Qc2 Rac8 20. Rfd1 Rxd1+ 21. Rxd1 Ne8 22. Qd2 Nf6 23. Nb5 Qc6 24. Nxa7 Qa4 25. Nxc8 Qxa2 26. Qd8+ Bf8 27. Qxf6 Qb3 28. Qc3 Qe6 29. Bxc5 bxc5 30. Rd8 h5 31. Qxc5 1-0

[Event "Junior Online 4NCL Division 5"]
[Site "online"]
[Date "2021.04.15"]
[EventDate "2021.04.15"]
[Round "7.52"]
[White "Ryan, Tabitha"]
[WhiteElo "1435"]
[WhiteTeam "Young Dragons B"]
[Black "Boikovs, Alexander"]
[BlackElo "1500"]
[BlackTeam "Golden Falcons 1"]
[Result "1-0"]
[PlyCount "117"]

1. d4 c6 2. Nf3 d5 3. Bf4 Nd7 4. c3 g6 5. e3 Bg7 6. Nbd2 e6 7. Be2 Ne7 8. Qc2 O-O 9. O-O Re8 10. Rfe1 f6 11. e4 e5 12. Bg3 dxe4 13. Nxe4 exd4 14. cxd4 f5 15. Nd6 Rf8 16. Qc4+ Nd5 17. Qb3 Qb6 18. Qxb6 axb6 19. Bc4 b5 20. Bxd5+ cxd5 21. Nxb5 Nf6 22. Re7 Rf7 23. Rxf7 Kxf7 24. Nd6+ Ke6 25. Nxc8 Rxc8 26. Re1+ Ne4 27. Ng5+ Kf6 28. Nxe4+ dxe4 29. Be5+ Kf7 30. Bxg7 Kxg7 31. Rd1 Rc2 32. d5 Rxb2 33. d6 Rxa2 34. d7 Ra8 35. d8=Q Rxd8 36. Rxd8 Kh6 37. Rb8 Kg5 38. Rxb7 f4 39. Rxh7 e3 40. fxe3 fxe3 41. Re7 Kf4 42. Kf1 g5 43. Ke2 g4 44. Rxe3 g3 45. Rxg3 Kf5 46. h4 Kf4 47. Kf2 Kf5 48. h5 Kf6 49. h6 Kf7 50. h7 Kf6 51. h8=Q+ Kf5 52. Qf8+ Ke4 53. Re3+ Kd4 54. Qd8+ Kc4 55. Re1 Kc3 56. Rc1+ Kb2 57. Rc7 Kb3 58. Qb8+ Ka3 59. Ra7# 1-0

[Event "Junior Online 4NCL Division 5"]
[Site "online"]
[Date "2021.04.15"]
[EventDate "2021.04.15"]
[Round "7.55"]
[White "Chung, Daniel"]
[WhiteElo "1482"]
[WhiteTeam "Young Dragons B"]
[Black "Hany Kamal, Mohamed"]
[BlackElo "1540"]
[BlackTeam "Golden Falcons 1"]
[Result "0-1"]
[PlyCount "66"]

1. d4 d5 2. c4 c6 3. Nc3 Nf6 4. Bg5 e6 5. Nf3 Be7 6. e3 O-O 7. Be2 Nbd7 8. O-O b6 9. Qc2 Bb7 10. Rac1 Rc8 11. a3 c5 12. Nb5 a6 13. Nc3 cxd4 14. exd4 dxc4 15. Na2 b5 16. Rfd1 Nb6 17. Ne5 Nfd5 18. Bxe7 Qxe7 19. Bf3 Rfd8 20. Nc3 Nxc3 21. Bxb7 Qxb7 22. Qxc3 Nd5 23. Qf3 Qe7 24. g4 f6 25. Nxc4 Rxc4 26. Rxc4 bxc4 27. Rc1 Rc8 28. Qe2 Nf4 29. Qe4 Qd6 30. Qb7 Rb8 31. Qe4 Rc8 32. Qb7 Qc6 33. Qe7 Qg2# 0-1

[Event "Junior Online 4NCL Division 5"]
[Site "online"]
[Date "2021.04.15"]
[EventDate "2021.04.15"]
[Round "7.56"]
[White "Boikovs, Alexander"]
[WhiteElo "1500"]
[WhiteTeam "Golden Falcons 1"]
[Black "Ryan, Tabitha"]
[BlackElo "1435"]
[BlackTeam "Young Dragons B"]
[Result "0-1"]
[PlyCount "120"]

1. c4 d6 2. e3 Nf6 3. Nc3 g6 4. d3 Bg7 5. Nge2 c5 6. g3 Nc6 7. Bg2 Bd7 8. O-O O-O 9. Re1 a6 10. d4 cxd4 11. Nxd4 Qc7 12. Nxc6 Bxc6 13. e4 Nd7 14. b4 Bxc3 15. Be3 Bxe1 16. Qxe1 Ne5 17. c5 dxc5 18. bxc5 Bd7 19. Qc3 b6 20. Rc1 bxc5 21. Qxc5 Qxc5 22. Rxc5 f6 23. f4 Nc6 24. e5 Rac8 25. exf6 exf6 26. Bxc6 Rxc6 27. Rxc6 Bxc6 28. Bc5 Rd8 29. Bf2 Rd2 30. Kf1 Rxa2 31. Be1 Rxh2 32. Bc3 Kf7 33. g4 Ra2 34. f5 Be4 35. fxg6+ hxg6 36. Ke1 a5 37. Kd1 a4 38. Kc1 Rg2 39. Bd2 a3 40. Bc3 a2 41. Kd1 Rg1+ 42. Kd2 a1=Q 43. Bxa1 Rxa1 44. Ke3 Re1+ 45. Kf4 f5 46. g5 Ke6 47. Kg3 Rg1+ 48. Kf4 Rg4+ 49. Ke3 Rxg5 50. Kf4 Rg1 51. Ke3 g5 52. Kf2 Ra1 53. Kg3 Ra3+ 54. Kf2 g4 55. Ke2 g3 56. Kf1 Ra2 57. Kg1 g2 58. Kh2 Ra1 59. Kg3 g1=Q+ 60. Kf4 Rf1# 0-1

[Event "Junior Online 4NCL Division 5"]
[Site "online"]
[Date "2021.04.15"]
[EventDate "2021.04.15"]
[Round "7.61"]
[White "Gupta, Aarav G"]
[WhiteElo "1310"]
[WhiteTeam "KCJS 3"]
[Black "Muthukaruppan, Manickam"]
[BlackElo "1270"]
[BlackTeam "Maidenhead Juniors 3"]
[Result "1-0"]
[PlyCount "57"]

1. e4 c5 2. Nf3 d6 3. h3 Nf6 4. Nc3 Nc6 5. d3 e6 6. Be2 Be7 7. Bf4 Kf8 8. Qd2 d5 9. e5 Nd7 10. Nb5 Qb6 11. d4 cxd4 12. Nfxd4 Bb4 13. c3 Nxd4 14. Nxd4 Bc5 15. Rb1 Bxd4 16. Qxd4 Nc5 17. Be3 Qa5 18. Qxc5+ Qxc5 19. Bxc5+ Kg8 20. Rd1 b6 21. Be3 g6 22. Bh6 Bb7 23. Bf3 Rc8 24. O-O Ba6 25. Rfe1 f6 26. exf6 Kf7 27. Bg7 Rhd8 28. Bg4 Kg8 29. Bxe6# 1-0

[Event "Junior Online 4NCL Division 5"]
[Site "online"]
[Date "2021.04.15"]
[EventDate "2021.04.15"]
[Round "7.62"]
[White "Markov, Aleksa"]
[WhiteElo "1253"]
[WhiteTeam "Maidenhead Juniors 3"]
[Black "Blicharz, Maks"]
[BlackElo "1337"]
[BlackTeam "KCJS 3"]
[Result "0-1"]
[PlyCount "68"]

1. e4 c5 2. Nf3 d6 3. Nc3 Nc6 4. Bb5 Bd7 5. d3 a6 6. Bxc6 Bxc6 7. O-O Nf6 8. Bg5 e6 9. e5 Bxf3 10. Bxf6 Bxd1 11. Bxd8 Rxd8 12. Raxd1 d5 13. Rfe1 Be7 14. f4 O-O 15. g3 Rd7 16. Na4 Bd8 17. b3 Ba5 18. Re2 Rc7 19. c4 d4 20. Re4 b5 21. Nb2 Bc3 22. Rb1 Rb8 23. Nd1 b4 24. Nxc3 bxc3 25. Rc1 Rcb7 26. Rc2 a5 27. Ree2 Rb4 28. Kf1 a4 29. bxa4 Rb2 30. Rxb2 cxb2 31. Re1 b1=Q 32. Rxb1 Rxb1+ 33. Ke2 Ra1 34. Kd2 Rxa2+ 0-1

[Event "Junior Online 4NCL Division 5"]
[Site "online"]
[Date "2021.04.15"]
[EventDate "2021.04.15"]
[Round "7.63"]
[White "Buanne, Giulio"]
[WhiteElo "1351"]
[WhiteTeam "KCJS 3"]
[Black "Rajeev-Lazar, Csilla"]
[BlackElo "1213"]
[BlackTeam "Maidenhead Juniors 3"]
[Result "0-1"]
[PlyCount "22"]

1. e4 c6 2. d4 d5 3. e5 Bf5 4. Bd3 Bxd3 5. Qxd3 f6 6. Nf3 e6 7. O-O c5 8. Qb5+ Nc6 9. Qxb7 Qc8 10. Qa6 Qxa6 11. Nc3 cxd4 0-1

[Event "Junior Online 4NCL Division 5"]
[Site "online"]
[Date "2021.04.15"]
[EventDate "2021.04.15"]
[Round "7.64"]
[White "Kumar, Satyam"]
[WhiteElo "1204"]
[WhiteTeam "Maidenhead Juniors 3"]
[Black "Qiu, Winston"]
[BlackElo "1240"]
[BlackTeam "KCJS 3"]
[Result "1-0"]
[PlyCount "31"]

1. e4 c6 2. d4 d5 3. exd5 cxd5 4. Nc3 Nf6 5. Bf4 Nc6 6. Nf3 Bg4 7. Nb5 Rc8 8. Be2 a6 9. Nc3 Qa5 10. O-O Ne4 11. Nxe4 dxe4 12. Nd2 Bxe2 13. Qxe2 Nxd4 14. Qxe4 Nc6 15. Nc4 Qb5 16. Nd6+ 1-0

[Event "Junior Online 4NCL Division 5"]
[Site "online"]
[Date "2021.04.15"]
[EventDate "2021.04.15"]
[Round "7.65"]
[White "Muthukaruppan, Manickam"]
[WhiteElo "1270"]
[WhiteTeam "Maidenhead Juniors 3"]
[Black "Gupta, Aarav G"]
[BlackElo "1310"]
[BlackTeam "KCJS 3"]
[Result "0-1"]
[PlyCount "36"]

1. e4 e5 2. Nf3 Nc6 3. Bc4 Bc5 4. d4 Bxd4 5. O-O h6 6. Nc3 Bxc3 7. bxc3 d6 8. h4 Bg4 9. Bg5 hxg5 10. Bxf7+ Kf8 11. Bg6 Qf6 12. Bf5 Bxf3 13. Qxf3 Rxh4 14. g3 Rh6 15. Rab1 Rb8 16. Rfe1 g6 17. Red1 gxf5 18. exf5 Nge7 0-1

[Event "Junior Online 4NCL Division 5"]
[Site "online"]
[Date "2021.04.15"]
[EventDate "2021.04.15"]
[Round "7.66"]
[White "Blicharz, Maks"]
[WhiteElo "1337"]
[WhiteTeam "KCJS 3"]
[Black "Markov, Aleksa"]
[BlackElo "1253"]
[BlackTeam "Maidenhead Juniors 3"]
[Result "1-0"]
[PlyCount "45"]

1. e4 e5 2. Nf3 Nc6 3. Bc4 Nf6 4. Ng5 d5 5. exd5 Na5 6. Bb5+ c6 7. dxc6 bxc6 8. Qf3 Bb7 9. Bd3 c5 10. Ne4 Nxe4 11. Bxe4 Bxe4 12. Qxe4 Bd6 13. Qa4+ Kf8 14. Nc3 a6 15. d3 g6 16. Nd5 Kg7 17. O-O Re8 18. Qg4 f5 19. Qh3 h5 20. f4 exf4 21. Bxf4 Bxf4 22. Nxf4 Qd4+ 23. Kh1 1-0

[Event "Junior Online 4NCL Division 5"]
[Site "online"]
[Date "2021.04.15"]
[EventDate "2021.04.15"]
[Round "7.67"]
[White "Rajeev-Lazar, Csilla"]
[WhiteElo "1213"]
[WhiteTeam "Maidenhead Juniors 3"]
[Black "Buanne, Giulio"]
[BlackElo "1351"]
[BlackTeam "KCJS 3"]
[Result "1/2-1/2"]
[PlyCount "63"]

1. d4 d5 2. c4 e6 3. g3 Nf6 4. Bg2 c6 5. c5 Be7 6. Nc3 O-O 7. Nf3 b6 8. b4 Ba6 9. O-O Nbd7 10. a3 Bc4 11. Re1 Qc7 12. Bb2 Rfe8 13. e3 a5 14. Qc2 axb4 15. axb4 Rxa1 16. Rxa1 Nb8 17. Ne5 g6 18. Nxc4 dxc4 19. Ne2 b5 20. Bc3 Nd5 21. Rb1 Na6 22. Bxd5 cxd5 23. Ra1 Ra8 24. Qa2 Qc6 25. Qa5 Nc7 26. Qb6 Rxa1+ 27. Bxa1 Qd7 28. Bc3 Bd8 29. Qa7 Qc6 30. Qa2 Ne8 31. f4 Nf6 32. Kf1 1/2-1/2

[Event "Junior Online 4NCL Division 5"]
[Site "online"]
[Date "2021.04.15"]
[EventDate "2021.04.15"]
[Round "7.68"]
[White "Qiu, Winston"]
[WhiteElo "1240"]
[WhiteTeam "KCJS 3"]
[Black "Kumar, Satyam"]
[BlackElo "1204"]
[BlackTeam "Maidenhead Juniors 3"]
[Result "0-1"]
[PlyCount "119"]

1. c4 e5 2. d4 f6 3. e3 d5 4. g4 Nc6 5. cxd5 Qxd5 6. Nf3 Bxg4 7. Bg2 e4 8. Nc3 Qf5 9. Nh4 Bxd1 10. Nxf5 Bg4 11. Ng3 Nb4 12. Kd2 f5 13. h3 Bh5 14. Nxh5 g6 15. Nf4 Bd6 16. Nfe2 Nd3 17. f3 exf3 18. Bxf3 Nf2 19. Rf1 Nxh3 20. Bxb7 Rb8 21. Bc6+ Ke7 22. Nd5+ Ke6 23. Ndf4+ Nxf4 24. Nxf4+ Bxf4 25. d5+ Ke7 26. exf4 Rd8 27. Re1+ Kf6 28. Re6+ Kf7 29. b3 Ne7 30. Ba3 Nxd5 31. Bxd5 Rxd5+ 32. Kc3 Kxe6 33. Re1+ Kf7 34. Re7+ Kf6 35. Rxc7 Re8 36. Kc4 Ra5 37. Rc6+ Re6 38. Bb2+ Kf7 39. Rc7+ Re7 40. Rc6 Re4+ 41. Kd3 Rd5+ 42. Kc3 Ke8 43. Rc8+ Kd7 44. Rg8 Rxf4 45. Rg7+ Ke6 46. Rxa7 Rc5+ 47. Kd3 Rf3+ 48. Kd4 Rd5+ 49. Kc4 Rf2 50. Ra6+ Rd6 51. Rxd6+ Kxd6 52. Ba3+ Kc6 53. b4 Rxa2 54. b5+ Kb6 55. Bc5+ Kb7 56. b6 h5 57. Kb5 h4 58. Bg1 h3 59. Bh2 Rxh2 60. Kc5 0-1

[Event "Junior Online 4NCL Division 5"]
[Site "online"]
[Date "2021.04.15"]
[EventDate "2021.04.15"]
[Round "7.71"]
[White "Clayton, Daniel J"]
[WhiteElo "1578"]
[WhiteTeam "SASCA Sharks"]
[Black "Srinivasan, Raghav"]
[BlackElo "1545"]
[BlackTeam "Chess Challengers B"]
[Result "1-0"]
[PlyCount "105"]

1. e4 e5 2. Nf3 Nc6 3. Bc4 h6 4. d4 d6 5. dxe5 dxe5 6. Qxd8+ Kxd8 7. Bxf7 Nf6 8. Nc3 Bb4 9. Bd2 Bxc3 10. Bxc3 Rf8 11. O-O-O+ Bd7 12. Bd5 Nxd5 13. Rxd5 Ke7 14. Nxe5 Nxe5 15. Rxe5+ Be6 16. Bb4+ c5 17. Bxc5+ Kd7 18. Bxf8 Rxf8 19. Rd1+ Ke7 20. f3 Re8 21. Rc5 Kf8 22. Rc7 Rb8 23. a3 Kg8 24. Kd2 Kh7 25. Ke3 Kg6 26. Rd6 Kf6 27. f4 Re8 28. f5 Ke5 29. Rxe6+ Rxe6 30. fxe6 Kxe6 31. Rxb7 Ke5 32. Rxa7 Kf6 33. Rc7 Ke6 34. a4 Kd6 35. Rc3 Ke5 36. a5 Ke6 37. a6 Ke5 38. a7 Ke6 39. a8=B Ke5 40. b4 Ke6 41. b5 Ke5 42. b6 Ke6 43. b7 Ke5 44. b8=Q+ Ke6 45. Rd3 Kf6 46. c4 Kg6 47. c5 Kh7 48. c6 Kg6 49. c7 Kh7 50. c8=Q Kg6 51. Qe8+ Kh7 52. Qbe5 h5 53. Q5xh5# 1-0

[Event "Junior Online 4NCL Division 5"]
[Site "online"]
[Date "2021.04.15"]
[EventDate "2021.04.15"]
[Round "7.72"]
[White "Bhatia, Jai"]
[WhiteElo "1584"]
[WhiteTeam "Chess Challengers B"]
[Black "Atkinson, Matthew"]
[BlackElo "1255"]
[BlackTeam "SASCA Sharks"]
[Result "1-0"]
[PlyCount "79"]

1. e4 e5 2. Nf3 Nc6 3. Nc3 Bc5 4. h3 Nf6 5. d3 d6 6. Bg5 h6 7. Bh4 Be6 8. Nd5 Bxd5 9. exd5 Nd4 10. Nxd4 Bxd4 11. c3 Bc5 12. Qa4+ Qd7 13. Qxd7+ Nxd7 14. Be2 Nb6 15. b4 Bxb4 16. cxb4 Nxd5 17. a3 Nf4 18. g3 Ng2+ 19. Kf1 Nxh4 20. gxh4 g5 21. hxg5 hxg5 22. Bg4 Ke7 23. Rc1 c6 24. Kg2 Raf8 25. Kg3 f5 26. Be2 Rh6 27. Kg2 Rfh8 28. a4 Rh4 29. b5 Kd7 30. Bf3 cxb5 31. axb5 b6 32. Bc6+ Ke7 33. Bd5 g4 34. hxg4 Rxg4+ 35. Kf3 Rf4+ 36. Ke2 Rg8 37. Rc7+ Kd8 38. Rxa7 Rg2 39. Rh8+ Rg8 40. Rxg8# 1-0

[Event "Junior Online 4NCL Division 5"]
[Site "online"]
[Date "2021.04.15"]
[EventDate "2021.04.15"]
[Round "7.73"]
[White "Harper, Luke"]
[WhiteElo "1166"]
[WhiteTeam "SASCA Sharks"]
[Black "Sharavana, Harshith"]
[BlackElo "1491"]
[BlackTeam "Chess Challengers B"]
[Result "1-0"]
[PlyCount "33"]

1. e4 e5 2. Nf3 Nc6 3. d4 f6 4. dxe5 fxe5 5. Bc4 Bc5 6. Ng5 Qf6 7. O-O h6 8. Bf7+ Kd8 9. Qh5 Nge7 10. Bd5 Nxd5 11. exd5 Nd4 12. Nc3 Nxc2 13. Rb1 Nd4 14. Nf7+ Ke8 15. Nxh8+ Kf8 16. Ne4 Qb6 17. Qf7# 1-0

[Event "Junior Online 4NCL Division 5"]
[Site "online"]
[Date "2021.04.15"]
[EventDate "2021.04.15"]
[Round "7.74"]
[White "Mali, Harshal"]
[WhiteElo "1487"]
[WhiteTeam "Chess Challengers B"]
[Black "Krajci, Patrik"]
[BlackElo "1170"]
[BlackTeam "SASCA Sharks"]
[Result "0-1"]
[PlyCount "76"]

1. e4 e6 2. Nf3 d5 3. d3 dxe4 4. dxe4 Qxd1+ 5. Kxd1 Bd7 6. Ne5 Nf6 7. Nxd7 Nbxd7 8. f3 O-O-O 9. c4 Bb4 10. a3 Ba5 11. b4 Bb6 12. Nc3 c6 13. Kc2 Ne5 14. c5 Bc7 15. a4 Rd7 16. a5 a6 17. f4 Ng6 18. g3 Rhd8 19. Rb1 h6 20. e5 Ng8 21. Ne4 f5 22. Nd6+ Bxd6 23. cxd6 h5 24. Bc4 Nf8 25. Rd1 Nh6 26. Be3 Ng4 27. Ba7 Nxh2 28. Bb6 Re8 29. Rh1 Nf3 30. Rb3 Nxe5 31. fxe5 g6 32. Rc3 Nh7 33. Rd1 Ng5 34. b5 cxb5 35. Bb3+ Kb8 36. Rc7 Rxc7+ 37. dxc7+ Kc8 38. Rd2 Nf7 0-1